Správné rozhodnutí - šest kroků, jak na to
Základom kvalitného manažérskeho rozhodovania je prepojenie postupov s racionálnymi metódmi riešenia. Formulácia všeobecného a konkrétneho problému. Hľadanie a tvorba možností. Kvalitatívne a kvantitatívne riešenia. Príklady z praxe.
Salvato in:
| Autore principale: | |
|---|---|
| Natura: | Capitolo di libro |
| Lingua: | ceco |
| Soggetti: | |
| Tags: |
Nessun Tag, puoi essere il primo ad aggiungerne!!
|
MARC
| LEADER | 00000naa a2200000 4500 | ||
|---|---|---|---|
| 001 | 0118718 | ||
| 005 | 20240502083310.1 | ||
| 041 | 0 | |a cze | |
| 044 | |a CZ | ||
| 245 | 1 | 0 | |a Správné rozhodnutí - šest kroků, jak na to |c Nadežda Jankelová |
| 520 | |a Základom kvalitného manažérskeho rozhodovania je prepojenie postupov s racionálnymi metódmi riešenia. Formulácia všeobecného a konkrétneho problému. Hľadanie a tvorba možností. Kvalitatívne a kvantitatívne riešenia. Príklady z praxe. | ||
| 610 | 2 | 0 | |a manažment strategický |
| 610 | 2 | 0 | |a metódy riadenia |
| 610 | 2 | 0 | |a nástroje riadenia |
| 610 | 2 | 0 | |a racionalizácia riadenia |
| 610 | 2 | 0 | |a rozhodovanie manažérske |
| 610 | 2 | 0 | |a organizácia riadenia |
| 610 | 2 | 0 | |a rozhodovanie taktické |
| 610 | 2 | 0 | |a ciele riadenia |
| 100 | 1 | |a Jankelová, Nadežda, 1966- | |